From primary exports to value addition: Emerging trends in major natural rubber producing countries (Record no. 52567)

MARC details
000 -LEADER
fixed length control field 00638nam a2200133Ia 4500
100 ## - MAIN ENTRY--AUTHOR NAME
Personal name Joseph T.[a]
245 #0 - TITLE STATEMENT
Title From primary exports to value addition: Emerging trends in major natural rubber producing countries
260 ## - PUBLICATION, DISTRIBUTION, ETC. (IMPRINT)
Name of publisher In: Plantation crops research and development in the new millennium: Placrosym XIV, 12-15 December 2000, Hyderabad, India. (Eds. P. Rethinam, H.H. Khan, V.M. Reddy, P.K. Mandal and K. Suresh). Coconut Development Board, Kochi, India, pp.184-191.
Year of publication 2002
650 ## - SUBJECT ADDED ENTRY--TOPICAL TERM
Topical Term Rubber product export
650 ## - SUBJECT ADDED ENTRY--TOPICAL TERM
Topical Term Value addition
700 ## - ADDED ENTRY--PERSONAL NAME
Personal name George
942 ## - ADDED ENTRY ELEMENTS (KOHA)
Koha item type Bibliography STAF
700 ## - ADDED ENTRY--PERSONAL NAME
-- K.T.
Holdings
Withdrawn status Lost status Damaged status Not for loan Home library Current library Date acquired Koha item type
      Bibliography RRII Library RRII Library 09/04/2014 Bibliography STAF